Beyond a reasonable doubt : giving voice to the accused

Bibliographic Details
Main Author: N. Sivanandan
Format: Book
Published: Singapore : Marshall Cavendish Editions , 2019
Subjects:

MARC

LEADER 00000cam a2200000 7i4500
001 0000278993
005 20210317164307.0
020 |a 9789814841481 
090 0 0 |a 345.07095957   |b NSI 
100 0 |a N. Sivanandan 
245 1 0 |a Beyond a reasonable doubt :   |b giving voice to the accused   |c N. Sivanandan 
260 |a Singapore :   |b Marshall Cavendish Editions ,   |c 2019 
300 |a 181p. ;   |c 20cm. 
600 0 0 |a N. Sivanandan 
650 0 |a Court interpreting and translating   |z Singapore 
650 0 |a Trials   |z Singapore   |x History 
999 |a 00386005   |b BUKU   |c PINJAMAN   |e PERPUSTAKAAN KOMUNITI CAW BANDAR UTAMA